000 00437nam a2200181Ia 4500
005 20250423094843.0
008 250422s9999 xx 000 0 und d
020 _a978-0-07-131753-5
050 _aQA 75.5 .L43/
100 _aLeary, Timothy J.
245 0 _aComputing essentials : making it work for you
260 _aNew York
260 _bMcGraw- Hil
260 _c2013
300 _a533 p
650 _aComputer
942 _cBK
999 _c28495
_d28495